<?xml version="1.0" encoding="UTF-8"?>
<record
    xmlns:xsi="http://www.w3.org/2001/XMLSchema-instance"
    xsi:schemaLocation="http://www.loc.gov/MARC21/slim http://www.loc.gov/standards/marcxml/schema/MARC21slim.xsd"
    xmlns="http://www.loc.gov/MARC21/slim">

  <leader>01784nam a22002777a 4500</leader>
  <controlfield tag="003">EG-NbEJU</controlfield>
  <controlfield tag="005">20260416121440.0</controlfield>
  <controlfield tag="008">260317b        |||||||| |||| 00| 0 eng d</controlfield>
  <datafield tag="017" ind1=" " ind2=" ">
    <subfield code="a">2016 / 25976</subfield>
    <subfield code="b">&#x62F;&#x627;&#x631; &#x627;&#x644;&#x645;&#x639;&#x627;&#x631;&#x641;</subfield>
  </datafield>
  <datafield tag="020" ind1=" " ind2=" ">
    <subfield code="a">9789770284056</subfield>
    <subfield code="q">Paperback</subfield>
  </datafield>
  <datafield tag="040" ind1=" " ind2=" ">
    <subfield code="a">EG-NbEJU</subfield>
    <subfield code="b">ara</subfield>
    <subfield code="c">EG-NbEJU</subfield>
  </datafield>
  <datafield tag="041" ind1=" " ind2=" ">
    <subfield code="a">ara</subfield>
  </datafield>
  <datafield tag="050" ind1=" " ind2=" ">
    <subfield code="a">PJ7519</subfield>
    <subfield code="b">.D54 2017</subfield>
  </datafield>
  <datafield tag="100" ind1=" " ind2=" ">
    <subfield code="a">&#x636;&#x64A;&#x641;&#x60C; &#x634;&#x648;&#x642;&#x649;.</subfield>
  </datafield>
  <datafield tag="245" ind1=" " ind2=" ">
    <subfield code="a">&#x627;&#x644;&#x641;&#x646; &#x648;&#x645;&#x630;&#x627;&#x647;&#x628;&#x647; : </subfield>
    <subfield code="b">&#x641;&#x649; &#x627;&#x644;&#x646;&#x62B;&#x631; &#x627;&#x644;&#x639;&#x631;&#x628;&#x649; / </subfield>
    <subfield code="c">&#x634;&#x648;&#x642;&#x649; &#x636;&#x64A;&#x641;.</subfield>
  </datafield>
  <datafield tag="250" ind1=" " ind2=" ">
    <subfield code="a">&#x627;&#x644;&#x637;&#x628;&#x639;&#x629; &#x627;&#x644;&#x62B;&#x627;&#x645;&#x646;&#x629; &#x639;&#x634;&#x631;&#x629;</subfield>
  </datafield>
  <datafield tag="260" ind1=" " ind2=" ">
    <subfield code="a">&#x627;&#x644;&#x642;&#x627;&#x647;&#x631;&#x629; : </subfield>
    <subfield code="b">&#x62F;&#x627;&#x631; &#x627;&#x644;&#x645;&#x639;&#x627;&#x631;&#x641;&#x60C; </subfield>
    <subfield code="c">2017.</subfield>
  </datafield>
  <datafield tag="300" ind1=" " ind2=" ">
    <subfield code="a">398 &#x635;&#x641;&#x62D;&#x629; &#x61B; </subfield>
    <subfield code="c">24 &#x633;&#x645; </subfield>
  </datafield>
  <datafield tag="490" ind1=" " ind2=" ">
    <subfield code="a">&#x645;&#x643;&#x62A;&#x628;&#x629; &#x627;&#x644;&#x62F;&#x631;&#x627;&#x633;&#x627;&#x62A; &#x627;&#x644;&#x623;&#x62F;&#x628;&#x64A;&#x629;</subfield>
    <subfield code="v">19</subfield>
  </datafield>
  <datafield tag="520" ind1=" " ind2=" ">
    <subfield code="a">&#x64A;&#x62A;&#x646;&#x627;&#x648;&#x644; &#x627;&#x644;&#x643;&#x62A;&#x627;&#x628; &#x62A;&#x637;&#x648;&#x631; &#x641;&#x646; &#x627;&#x644;&#x646;&#x62B;&#x631; &#x627;&#x644;&#x639;&#x631;&#x628;&#x64A; &#x639;&#x628;&#x631; &#x627;&#x644;&#x639;&#x635;&#x648;&#x631; &#x627;&#x644;&#x645;&#x62E;&#x62A;&#x644;&#x641;&#x629;&#x60C; &#x645;&#x633;&#x62A;&#x639;&#x631;&#x636;&#x64B;&#x627; &#x645;&#x630;&#x627;&#x647;&#x628;&#x647; &#x648;&#x627;&#x62A;&#x62C;&#x627;&#x647;&#x627;&#x62A;&#x647; &#x627;&#x644;&#x641;&#x646;&#x64A;&#x629; &#x645;&#x646;&#x630; &#x627;&#x644;&#x639;&#x635;&#x631; &#x627;&#x644;&#x62C;&#x627;&#x647;&#x644;&#x64A; &#x645;&#x631;&#x648;&#x631;&#x64B;&#x627; &#x628;&#x627;&#x644;&#x639;&#x635;&#x648;&#x631; &#x627;&#x644;&#x625;&#x633;&#x644;&#x627;&#x645;&#x64A;&#x629; &#x627;&#x644;&#x645;&#x62E;&#x62A;&#x644;&#x641;&#x629; &#x648;&#x62D;&#x62A;&#x649; &#x627;&#x644;&#x639;&#x635;&#x631; &#x627;&#x644;&#x62D;&#x62F;&#x64A;&#x62B;. &#x64A;&#x62D;&#x644;&#x644; &#x627;&#x644;&#x645;&#x624;&#x644;&#x641; &#x62E;&#x635;&#x627;&#x626;&#x635; &#x643;&#x644; &#x645;&#x631;&#x62D;&#x644;&#x629; &#x648;&#x623;&#x628;&#x631;&#x632; &#x623;&#x639;&#x644;&#x627;&#x645;&#x647;&#x627;&#x60C; &#x645;&#x639; &#x627;&#x644;&#x62A;&#x631;&#x643;&#x64A;&#x632; &#x639;&#x644;&#x649; &#x627;&#x644;&#x623;&#x633;&#x627;&#x644;&#x64A;&#x628; &#x627;&#x644;&#x641;&#x646;&#x64A;&#x629; &#x648;&#x627;&#x644;&#x644;&#x63A;&#x648;&#x64A;&#x629; &#x627;&#x644;&#x62A;&#x64A; &#x62A;&#x645;&#x64A;&#x632; &#x627;&#x644;&#x646;&#x62B;&#x631; &#x627;&#x644;&#x639;&#x631;&#x628;&#x64A;&#x60C; &#x645;&#x62B;&#x644; &#x627;&#x644;&#x62E;&#x637;&#x627;&#x628;&#x629;&#x60C; &#x648;&#x627;&#x644;&#x631;&#x633;&#x627;&#x626;&#x644;&#x60C; &#x648;&#x627;&#x644;&#x645;&#x642;&#x627;&#x645;&#x627;&#x62A;&#x60C; &#x648;&#x627;&#x644;&#x646;&#x62B;&#x631; &#x627;&#x644;&#x641;&#x646;&#x64A;. &#x643;&#x645;&#x627; &#x64A;&#x646;&#x627;&#x642;&#x634; &#x62A;&#x637;&#x648;&#x631; &#x627;&#x644;&#x623;&#x633;&#x644;&#x648;&#x628; &#x648;&#x627;&#x644;&#x62A;&#x639;&#x628;&#x64A;&#x631; &#x648;&#x62A;&#x623;&#x62B;&#x631; &#x627;&#x644;&#x646;&#x62B;&#x631; &#x627;&#x644;&#x639;&#x631;&#x628;&#x64A; &#x628;&#x627;&#x644;&#x645;&#x62A;&#x63A;&#x64A;&#x631;&#x627;&#x62A; &#x627;&#x644;&#x62B;&#x642;&#x627;&#x641;&#x64A;&#x629; &#x648;&#x627;&#x644;&#x62D;&#x636;&#x627;&#x631;&#x64A;&#x629;&#x60C; &#x645;&#x642;&#x62F;&#x645;&#x64B;&#x627; &#x631;&#x624;&#x64A;&#x629; &#x646;&#x642;&#x62F;&#x64A;&#x629; &#x634;&#x627;&#x645;&#x644;&#x629; &#x62A;&#x633;&#x647;&#x645; &#x641;&#x64A; &#x641;&#x647;&#x645; &#x645;&#x633;&#x627;&#x631; &#x62A;&#x637;&#x648;&#x631; &#x647;&#x630;&#x627; &#x627;&#x644;&#x641;&#x646; &#x648;&#x623;&#x647;&#x645;&#x64A;&#x62A;&#x647; &#x641;&#x64A; &#x627;&#x644;&#x62A;&#x631;&#x627;&#x62B; &#x627;&#x644;&#x623;&#x62F;&#x628;&#x64A; &#x627;&#x644;&#x639;&#x631;&#x628;&#x64A;.</subfield>
  </datafield>
  <datafield tag="650" ind1=" " ind2=" ">
    <subfield code="a">&#x627;&#x644;&#x646;&#x62B;&#x631; &#x627;&#x644;&#x639;&#x631;&#x628;&#x64A;.</subfield>
  </datafield>
  <datafield tag="830" ind1=" " ind2=" ">
    <subfield code="a">&#x645;&#x643;&#x62A;&#x628;&#x629; &#x627;&#x644;&#x62F;&#x631;&#x627;&#x633;&#x627;&#x62A; &#x627;&#x644;&#x623;&#x62F;&#x628;&#x64A;&#x629;</subfield>
    <subfield code="v">19.</subfield>
  </datafield>
  <datafield tag="901" ind1=" " ind2=" ">
    <subfield code="a">Shrouk Ali</subfield>
  </datafield>
  <datafield tag="942" ind1=" " ind2=" ">
    <subfield code="2">lcc</subfield>
    <subfield code="c">BK</subfield>
    <subfield code="n">0</subfield>
  </datafield>
  <datafield tag="999" ind1=" " ind2=" ">
    <subfield code="c">7852</subfield>
    <subfield code="d">7852</subfield>
  </datafield>
  <datafield tag="952" ind1=" " ind2=" ">
    <subfield code="0">0</subfield>
    <subfield code="1">0</subfield>
    <subfield code="2">lcc</subfield>
    <subfield code="4">0</subfield>
    <subfield code="7">0</subfield>
    <subfield code="a">EJUST</subfield>
    <subfield code="b">EJUST</subfield>
    <subfield code="d">2026-03-17</subfield>
    <subfield code="l">0</subfield>
    <subfield code="o">PJ7519 .D54 2017</subfield>
    <subfield code="p">10015669</subfield>
    <subfield code="r">2026-03-17 08:08:00</subfield>
    <subfield code="t">C. 1</subfield>
    <subfield code="w">2026-03-17</subfield>
    <subfield code="y">NCBK</subfield>
  </datafield>
</record>
